| 000 | 00471nam a2200169 4500 | ||
|---|---|---|---|
| 003 | SEACOMEC | ||
| 005 | 20241122121516.0 | ||
| 008 | 240618b |||||||| |||| 00| 0 eng d | ||
| 020 |
_c295.00 _a978-1558608757 |
||
| 040 | _aSEACOMEC | ||
| 082 |
_a004.21 _bN476 |
||
| 100 | _aCrowley, Patrick ..et.al | ||
| 245 |
_aNetwork Processor design issues and Practices / _c Patrick Crowleyand others |
||
| 260 |
_aNew DElhi _bElsevier _c2004 |
||
| 300 | _aVol- 1 | ||
| 942 | _cBOOK | ||
| 999 |
_c1341 _d1341 |
||